Pengurusan masa : (Record no. 103152)

MARC details
000 -LEADER
fixed length control field 00689nam a2200241 i 4500
001 - CONTROL NUMBER
control field C2-0299179
003 - CONTROL NUMBER IDENTIFIER
control field PPAK
005 - DATE AND TIME OF LATEST TRANSACTION
control field 20180728080911.0
008 - FIXED-LENGTH DATA ELEMENTS--GENERAL INFORMATION
fixed length control field 090629s2007 my a|||| ||||| | may d
020 ## - INTERNATIONAL STANDARD BOOK NUMBER
International Standard Book Number 9789834278595
040 ## - CATALOGING SOURCE
Original cataloging agency PPAK
Language of cataloging eng
Transcribing agency PPAK
Description conventions rda
082 04 - DEWEY DECIMAL CLASSIFICATION NUMBER
Classification number 658.4093
Edition number 23
090 00 - LOCALLY ASSIGNED LC-TYPE CALL NUMBER (OCLC); LOCAL CALL NUMBER (RLIN)
Classification number (OCLC) (R) ; Classification number, CALL (RLIN) (NR) 658.4093
Feature heading ZAI
Feature heading G
100 0# - MAIN ENTRY--PERSONAL NAME
Personal name Zaini Ujang,
Relator term author
245 10 - TITLE STATEMENT
Title Pengurusan masa :
Remainder of title konsep & penghayatan
264 #1 - PRODUCTION, PUBLICATION, DISTRIBUTION, MANUFACTURE, AND COPYRIGHT NOTICE
Place of production, publication, distribution, manufacture Kuala Lumpur :
Name of producer, publisher, distributor, manufacturer CERT Publications ,
Date of production, publication, distribution, manufacture, or copyright notice 2007
300 ## - PHYSICAL DESCRIPTION
Extent viii, 124 pages :
Other physical details colour illustrations ;
Dimensions 22 cm
336 ## - CONTENT TYPE
Source rdacontent
Content type term text
337 ## - MEDIA TYPE
Source rdamedia
Media type term unmediated
338 ## - CARRIER TYPE
Source rdacarrier
Carrier type term volume
650 10 - SUBJECT ADDED ENTRY--TOPICAL TERM
Topical term or geographic name entry element Time Management
942 ## - ADDED ENTRY ELEMENTS (KOHA)
-- dc
Koha item type Book
Holdings
Withdrawn Not for loan Current library Shelving location Date acquired Full call number Barcode Date last seen Koha item type Total Checkouts Total Renewals Date last checked out Checked out
    Perpustakaan Alor Setar Pinjaman Dewasa 15/07/2009 658.4093 ZAI A01305804 16/05/2019 Book 1   31/03/2019  
    Perpustakaan Alor Setar Pinjaman Dewasa 15/07/2009 658.4093 ZAI A01305805 01/02/2024 Book 1   01/02/2024 22/02/2024
    Perpustakaan Awam Sungai Petani Pinjaman Dewasa 15/07/2009 658.4093 ZAI A01305806 12/11/2019 Book 1   17/09/2019  
    Perpustakaan Baling Pinjaman Dewasa 15/07/2009 658.4093 ZAI A01305812 09/05/2018 Book        
    Perpustakaan Bandar Baharu Pinjaman Dewasa 15/07/2009 658.4093 ZAI A01305813 09/05/2018 Book        
    Perpustakaan Jitra Pinjaman Dewasa 15/07/2009 658.4093 ZAI A01305807 09/05/2018 Book        
    Perpustakaan Kuala Kedah Pinjaman Dewasa 15/07/2009 658.4093 ZAI A01305815 09/05/2018 Book        
    Perpustakaan Kuala Nerang Pinjaman Dewasa 15/07/2009 658.4093 ZAI A01305814 04/08/2022 Book 2   21/07/2022  
    Perpustakaan Kulim Pinjaman Dewasa 15/07/2009 658.4093 ZAI A01305809 25/10/2020 Book 2   24/10/2020  
    Perpustakaan Langkawi Pinjaman Dewasa 15/07/2009 658.4093 ZAI A01305808 09/05/2018 Book        
    Perpustakaan Merbok Pinjaman Dewasa 15/07/2009 658.4093 ZAI A01305816 09/05/2018 Book        
    Perpustakaan Pendang Pinjaman Dewasa 15/07/2009 658.4093 ZAI A01305817 08/10/2019 Book 1 1 10/09/2019  
    Perpustakaan Sik Pinjaman Dewasa 15/07/2009 658.4093 ZAI A01305811 09/05/2018 Book        
    Perpustakaan Yan Pinjaman Dewasa 15/07/2009 658.4093 ZAI A01305810 09/05/2018 Book